00437nam a2200169Ia 4500003000500000005001700005008004100022020001800063040000900081082001300090100002100103245004800124260003400172300002300206521002500229546001300254322820220519152858.0210816s9999 xx 000 0 und d a9780864866660 c3228 a920 TAMB aCallinicos, Luli 0aOliver Tambo : beyond the Engeni mountains  aCape Town bdavidphilipc2019 a684 pages b23 cm  aAdult non - fiction  aEnglish